Evangelio, figuras y símbolos

Saved in:
Bibliografiske detaljer
Main Authors: Mateos Alvarez, Juan José (autor), Camacho Acosta, Fernando (Author)
Format: Bog
Sprog:spansk
Udgivet: Barcelona Herder 2017
Udgivelse:1a. ed
Serier:Biblioteca Herder
Fag:
Tags: Tilføj Tag
Ingen Tags, Vær først til at tagge denne postø!

MARC

LEADER 00000cam a2200000 a 4500
001 UCC3302
003 CL-VaPUC
008 180427e20170000sp |||||||||||||||||spa|d
020 |a 9788425440533 
082 0 4 |a 220.64  |b MAT  |2 21 
100 |a Mateos Alvarez, Juan José  |e autor  |9 314392 
700 0 |a Camacho Acosta, Fernando  |e author  |9 597310 
245 1 0 |a Evangelio, figuras y símbolos 
250 |a 1a. ed 
300 |a 253 p 
942 |c BK 
945 |d 20180427 13:12:00  |a dcastane 
260 |a Barcelona  |b Herder  |c 2017 
650 0 |a Biblia  |9 257603 
650 0 |a Textos sagrados   |9 257605 
650 0 |a Crítica e interpretación   |9 255042 
583 |a last modification  |c 20180427 13:12:00  |k Rodrigo Vera 
490 0 |a Biblioteca Herder 
999 |c 371063  |d 371061 
952 |0 0  |1 0  |3 erb  |4 0  |6 220_640000000000000_MAT_2017  |7 0  |8 A  |9 487940  |a BIBTEO  |b BIBTEO  |i 5468361  |l 1  |o 220.64 MAT 2017  |p 5468361  |r 2025-01-17  |s 2024-11-05  |w 2019-11-24  |y BK  |z Catalogado en:20180427  |k ICR